000 01616cam a2200421 a 4500
001 13725515
003 NUST
005 20221027115554.0
008 040921s2005 nyu 000 1 eng
010 _a 2004059454
020 _a0743454545
020 _a0743454553 (trade pbk.)
020 _a1416506705 (ebook)
040 _aDLC
_cDLC
_dDLC
043 _an-us-nh
_an-us-az
050 0 0 _aPS3566.I372
_bV36 2005
082 0 0 _a813.54
_bPIC
100 1 _aPicoult, Jodi,
_d1966-
_97736
245 1 0 _aVanishing acts /
_cJodi Picoult.
250 _a1st Atria Books hardcover ed.
260 _aNew York :
_bAtria Books,
_c2005.
300 _a418 p. ;
_c24 cm.
650 0 _aYoung women
_vFiction.
_93694
650 0 _aAdult children of divorced parents
_vFiction.
_9101474
650 0 _aFathers and daughters
_vFiction.
_93695
650 0 _aParental kidnapping
_vFiction.
_9101475
650 0 _aDivorced fathers
_vFiction.
_9101476
651 0 _aNew Hampshire
_vFiction.
_9101477
651 0 _aArizona
_vFiction.
_9101478
655 7 _aPsychological fiction.
_2lcsh
655 7 _aDomestic fiction.
_2lcsh
856 4 2 _3Publisher description
_uhttp://www.loc.gov/catdir/enhancements/fy0631/2004059454-d.html
856 4 1 _3Sample text
_uhttp://www.loc.gov/catdir/enhancements/fy0641/2004059454-s.html
856 4 2 _3Contributor biographical information
_uhttp://www.loc.gov/catdir/enhancements/fy1107/2004059454-b.html
906 _a7
_bcbc
_corignew
_d1
_eocip
_f20
_gy-gencatlg
942 _2ddc
_cBK
999 _c592050
_d592050